000 00303nam a2200121Ia 4500
008 190216s9999||||xx |||||||||||||| ||und||
100 _aHildebrand
245 0 _aIntroduction To Numerical Analysis
260 _bTata Mcgrawhill Publishers
_c1974
300 _a669p
650 _aMathematics
942 _cBK
999 _c30723
_d30723